Hilquilemu: relatos de nuestros abuelos
Gorde:
| Egile Nagusiak: | , |
|---|---|
| Formatua: | Liburua |
| Hizkuntza: | gaztelania |
| Argitaratua: |
Talca
Universidad Católica del Maule
2016
|
| Edizioa: | 2a. ed |
| Saila: | Colección Tabor, 29
|
| Gaiak: | |
| Etiketak: |
Etiketa erantsi
Etiketarik gabe, Izan zaitez lehena erregistro honi etiketa jartzen!
|
MARC
| LEADER | 00000cam a2200000 a 4500 | ||
|---|---|---|---|
| 001 | UCC4038 | ||
| 003 | CL-VaPUC | ||
| 008 | 180629e20160700cl |||||||||||||||||spa|d | ||
| 020 | |a 9789567576753 | ||
| 082 | 0 | 4 | |a 983.05 |b HER |2 21 |
| 100 | |a Hernández Anguita, Horacio |e author |9 602635 | ||
| 700 | |a González Yévenes, Ana María |e author |9 598160 | ||
| 245 | 1 | 0 | |a Hilquilemu: relatos de nuestros abuelos |
| 250 | |a 2a. ed | ||
| 300 | |a 230 p | ||
| 942 | |c BK | ||
| 945 | |d 20180629 12:42:00 |a arojas | ||
| 260 | |a Talca |b Universidad Católica del Maule |c 2016 | ||
| 650 | 0 | |a Patrimonio cultural |9 309364 | |
| 650 | 7 | |a TESTIMONIO |2 CL-VaPUC |9 334045 | |
| 650 | 0 | |a Historia regional |9 538846 | |
| 651 | 0 | |a Región del Maule |9 489192 | |
| 583 | |a last modification |c 20181010 02:46:31 |k Rodrigo Vera | ||
| 490 | 0 | |a Colección Tabor, 29 | |
| 999 | |c 371646 |d 371644 | ||
| 952 | |0 0 |1 0 |3 erb |4 0 |6 983_050000000000000_HER_2016 |7 0 |8 A |9 488716 |a BIBEDU |b BIBEDU |c ES_NOD |i 5478847 |o 983.05 HER 2016 |p 5478847 |r 2023-08-09 |w 2019-11-24 |y BK |z Catalogado en:20180629 |k LIT | ||
| 952 | |0 0 |1 0 |3 erb |4 0 |6 983_050000000000000_HER_2016 |7 0 |8 X |9 488717 |a FDOBUD |b FDOBUD |i 5500788 |o 983.05 HER 2016 |p 5500788 |r 2019-11-24 |w 2019-11-24 |y BK_X |z Catalogado en:20180927 |k BUD | ||